000 00269nam a2200121Ia 4500
008 190216s9999||||xx |||||||||||||| ||und||
100 _aGiju Bai
245 0 _aHindi-Matha Pitha Ke Saval
260 _bKalpataru
_c2008
300 _a103
650 _aHindi
942 _cBK
999 _c16515
_d16515